Removing barriers + building access : a resource manual on providing culturally relevant services to lesbian, gay, transgender and bisexual victims of violence /

محفوظ في:
التفاصيل البيبلوغرافية
مؤلف مشترك: <<The >>Centre (مؤلف)
التنسيق: كتاب
اللغة:الإنجليزية
منشور في: [Vancouver, B.C.] : The Centre, c2004
الوسوم: إضافة وسم
لا توجد وسوم, كن أول من يضع وسما على هذه التسجيلة!

MARC

LEADER 00000nam a22000007i 4500
001 IT\ICCU\UBO\3583798
003 ItRI
005 20260115232440.0
008 090226s2004 xxc|||||| ||||| |||||c
040 |b ita  |c importazione bologna sebina 
041 7 |a eng  |2 ISO-639-2 
110 2 |a <<The >>Centre  |0 IT\ICCU\UBOV\309410  |4 aut 
245 0 0 |a Removing barriers + building access :  |b a resource manual on providing culturally relevant services to lesbian, gay, transgender and bisexual victims of violence /  |c LGBT Generation Project, The Centre. 
260 |a [Vancouver, B.C.] :  |b The Centre,  |c c2004 
300 |a 1 v. ;  |c 28 cm 
500 |a Paginazione varia. 
942 |2 ddc  |c BK  |n 0 
952 |0 0  |1 0  |4 0  |6 DOC_364_155000000000000_CEN  |7 0  |9 25953  |a BO  |b BO  |d 2026-01-15  |i 11380  |l 0  |o DOC 364.155 CEN  |p BO11380  |r 2026-01-15 23:24:40  |w 2026-01-15  |x [Sebina 7] [1 v.]  |y BK  |z 1 v. 
999 |c 21988  |d 21988